| 000 | 00630nam a2200205 4500 | ||
|---|---|---|---|
| 001 | 139453 | ||
| 003 | ES-MaACL | ||
| 005 | 20230906195816.0 | ||
| 007 | t| | ||
| 008 | 070214s1965 sp r ||||1| spa d | ||
| 100 | 1 |
_aSatet, P.A. _9103937 |
|
| 245 | 1 | 0 |
_aGuía práctica para el reclutamiento de personal / _cP.A. Satet ; traducción de Alberto Esteban Romero. |
| 260 |
_aBilbao : _bEd. Deusto, _c1965. |
||
| 300 |
_a182 p. : _bil. ; _c22 cm. |
||
| 490 | 1 | _aCol. gestión | |
| 700 | 1 |
_aEsteban Romero, Alberto. _948071 |
|
| 830 | 0 |
_aCol. gestión _9220229 |
|
| 852 |
_aES-MaACL _jC-27966 _bR.57424 |
||
| 999 |
_c139453 _d139453 |
||